Right or wrong flag? #7 - Sudden Death - Statistics

General Stats
  • This quiz has been taken 97 times
    26 since last reset
  • The average score is 11 of 20
Answers on the Grid
Answers color-coded by a green-red scale on the quiz's grid according to % correct below.
 
Answer Stats
Answer % Correct
65%
65%
65%
59%
59%
59%
59%
59%
53%
53%
53%
53%
53%
53%
47%
47%
47%
47%
41%
41%
No matching quizzes found
Score Distribution
Percent of People with Each Score
Percentile by Number Answered
Your Score History
You have not taken this quiz since the last reset